| 000 | 00454nam a22001577a 4500 | ||
|---|---|---|---|
| 008 | 230612b |||||||| |||| 00| 0 eng d | ||
| 040 |
_aNational Science Library _cNational Science Library |
||
| 080 |
_a684.001.6 _bK6 |
||
| 100 | _aOlver, J L | ||
| 245 | _aDevelopment and structure of the furniture industry | ||
| 260 |
_aParis: _bPergamon Press, _c1966 |
||
| 300 | _a187p. | ||
| 650 | _aLanguage | ||
| 653 | _aScience | ||
| 942 |
_2udc _cREF |
||
| 999 |
_c42068 _d42068 |
||